Sports Quiz

Random Sports or Letter Quiz

Top Home Run Hitters Beginning With a Vowel Quiz Stats

 Plays Quiz not verified by Sporcle

Challenge
Share
Tweet
Embed
Score 0/28 Timer 05:00
1 Play Today
Letter Player % Correct
AHank Aaron
95.9%
OMel Ott
87.3%
AGarret Anderson
73.6%
ABrady Anderson
73.6%
EDarrell Evans
67.7%
EDwight Evans
67.7%
ADick Allen
53%
O*David Ortiz
51.7%
I*Raul Ibanez
45.2%
U*Dan Uggla
42.1%
EJim Edmonds
41.4%
OMagglio Ordonez
37.5%
OPaul O'Neill
33.8%
OAl Oliver
32.7%
Letter Player % Correct
OJohn Olerud
32.2%
AMoises Alou
31.7%
AFelipe Alou
31.7%
A*Bobby Abreu
29%
IPete Incaviglia
28.7%
AJoe Adcock
27.2%
ARoberto Alomar
26.9%
OTony Oliva
25.7%
AEarl Averill
25.6%
EDel Ennis
21.1%
ABob Allison
20.3%
ATony Armas
18.5%
ECarl Everett
15.9%
OBen Oglivie
12.2%

You're not logged in!

Compare scores with friends on all Sporcle quizzes.
Join for Free
OR
Log In

You Might Also Like...

Show Comments

Extras

Top Quizzes Today


Score Distribution

Your Account Isn't Verified!

In order to create a playlist on Sporcle, you need to verify the email address you used during registration. Go to your Sporcle Settings to finish the process.

Report this User

Report this user for behavior that violates our Community Guidelines.

Details: